Normal view
MARC view
Entry Personal Name
001 - CONTROL NUMBER
- control field: 696
003 - CONTROL NUMBER IDENTIFIER
- control field: OSt
005 - DATE AND TIME OF LATEST TRANSACTION
- control field: 20110411115946.0
008 - FIXED-LENGTH DATA ELEMENTS
- fixed length control field: 110411|||a|||||| | ||| d
040 ## - CATALOGING SOURCE
- Original cataloging agency: OSt
- Transcribing agency: OSt
100 ## - HEADING--PERSONAL NAME
- Personal name: Laurie, G. T.
- Fuller form of name: (Graeme T.)
670 ## - SOURCE DATA FOUND
- Source citation: Work cat.: (OSt)0: Mason, J. K. (John Kenyon) 692, Mason & McCall Smith's law and medical ethics /, 2006.
